000 00355nam a22001457a 4500
003 OSt
005 20160727222448.0
008 160704b xxu||||| |||| 00| 0 eng d
040 _cTEST
100 _91997
_a Tocqueville, A.D
245 _aDemocracy in America
260 _aN.Y
_b Schocken Books
_c1974
300 _aDemocracy in America
942 _2ddc
_cBK
999 _c1698
_d1698